000 00471nam a2200145Ia 4500
008 090122s9999 xx 000 0 und d
082 _b7245
_a891.4681
100 _aकंटक
_bमीरा
245 _aकावळयाला लागली तहान
600 _aकंटक
630 _aकावळयाला लागली तहान
700 _aकंटक
730 _aकावळयाला लागली तहान
942 _cBOOK
999 _c31322
_d31322